| 000 | 01094cab a22002295a 4500 | ||
|---|---|---|---|
| 001 | L160067 | ||
| 008 | 180516e2018 xxk 000 0 eng d | ||
| 035 | _a(Sirsi) u160067 | ||
| 041 | 0 | _aeng | |
| 110 | 2 | _aMayor of London | |
| 245 | 0 | 0 |
_aSadiq Khan to kickstart major council homebuilding comeback in London _h[electronic resource] |
| 490 |
_aMayor of London Press Release _v16 May 2018 |
||
| 520 | _aMayor of London Sadiq Khan has launched his Building Council Homes for Londoners programme aimed at building 10,000 new council homes in London up to 2022. London Boroughs can bid for funding to build council homes from a £1.67bn fund, Lewisham LBC and Newham LBC have already been granted funding under the scheme | ||
| 590 | _aKA | ||
| 650 | 2 | 4 | _aSOCIAL HOUSING |
| 650 | 2 | 4 | _aBUILDING COUNCIL HOMES FOR LONDONERS |
| 650 | 2 | 4 | _aCOUNCIL HOUSING |
| 651 | 4 | _aLondon | |
| 690 |
_aAffordable housing _96215 |
||
| 856 | 4 | 0 |
_uhttps://www.london.gov.uk/press-releases/mayoral/mayor-to-help-councils-start-10000-new-homes _zView the item free of charge from www.london.gov.uk |
| 942 | _n0 | ||
| 999 |
_c85172 _d85172 |
||